Johnno, the deep-sea diver: (Record no. 16621)
[ view plain ]
| 000 -LEADER | |
|---|---|
| fixed length control field | 00434cam a22001451 4500 |
| 040 ## - CATALOGING SOURCE | |
| Transcribing agency | FO |
| 082 ## - DEWEY DECIMAL CLASSIFICATION NUMBER | |
| Classification number | 926 WAT 1960 A113 Or. |
| 100 1# - MAIN ENTRY--AUTHOR NAME | |
| Personal name | Johnstone, John Edward. |
| 245 10 - TITLE STATEMENT | |
| Title | Johnno, the deep-sea diver: |
| Remainder of title | the life-story of diver John Johnstone as told to Peter Dawlish [pseud.] |
| 260 ## - PUBLICATION, DISTRIBUTION, ETC. (IMPRINT) | |
| Place of publication | New York, |
| Name of publisher | Watts |
| Year of publication | [1960] |
| 300 ## - PHYSICAL DESCRIPTION | |
| Number of Pages | 160 p. |
| Other physical details | illus. |
| Dimensions | 21 cm. |
| 650 #0 - SUBJECT ADDED ENTRY--TOPICAL TERM | |
| Topical Term | Deep diving. |
| 700 1# - ADDED ENTRY--PERSONAL NAME | |
| Personal name | Kerr, James Lennox, |
| 942 ## - ADDED ENTRY ELEMENTS (KOHA) | |
| Koha item type | សៀវភៅភាសាអង់គ្លេស |
| 952 ## - LOCATION AND ITEM INFORMATION (KOHA) | |
| Withdrawn status [LOCAL, KOHA] | 0 |
| Permanent Location | Date acquired | Koha item type | Lost status | Shelving location | Barcode | Current Location | Full call number |
|---|---|---|---|---|---|---|---|
| Library Block A | 2018-03-16 | សៀវភៅភាសាអង់គ្លេស | A087 | A16447 | Library Block A | 926 WAT 1960 A087 Or. |